| 000 | 00745nam a22002057a 4500 | ||
|---|---|---|---|
| 999 |
_c9523 _d9523 |
||
| 003 | GBCCL | ||
| 005 | 20241126110713.0 | ||
| 008 | 230224b ||||| |||| 00| 0 eng d | ||
| 040 | _cgbc | ||
| 082 |
_a261.8 _bNOM |
||
| 245 |
_aNo more guns! : _bpeople's struggle for justice : focus on North East India / _cedited by A. Wati Longchar |
||
| 250 | _a2nd ed. | ||
| 260 |
_aJorhat, Assam, _bEastern Theological College The Department of Tribal Studies, _c2006 |
||
| 300 | _a 178 p. | ||
| 440 |
_aTribal study series _n7 _916579 |
||
| 650 |
_aIndia, _zNortheastern Race relations _916580 |
||
| 650 |
_aNon violence _vReligious aspects _xChristianity _916581 |
||
| 650 |
_aViolence _vReligious aspects _xChristianity _916582 |
||
| 942 |
_2ddc _cBK _02 |
||